[Event "Santo Domingo De La Madre op"]
[Site "Santo Domingo"]
[Date "2018.05.20"]
[Round "3"]
[White "Jimenez Jimenez, Leandro"]
[Black "Nouel Leon, Juan Manuel"]
[Result "1-0"]
[WhiteElo "2000"]
[BlackElo "1808"]
[PlyCount "81"]
[EventDate "2018.05.18"]
[EventType "swiss"]
[EventRounds "8"]
[EventCountry "DOM"]
[SourceTitle "CBM 184 Extra"]
[Source "ChessBase"]
[SourceDate "2018.06.28"]
[SourceVersion "1"]
[SourceVersionDate "2018.06.28"]
[SourceQuality "1"]

1. d4 d5 2. c4 c6 3. Nc3 Nf6 4. Bg5 e6 5. e3 Be7 6. cxd5 exd5 7. Bd3 0-0 8. Nge2 Nbd7 9. 0-0 Re8 10. Bh4 Nf8 11. f3 Ng6 12. Bf2 a5 13. a4 Bf8 14. Qc2 Bd7 15. Rad1 Bb4 16. Kh1 Qe7 17. Ng3 Rad8 18. Nf5 Bxf5 19. Bxf5 Bd6 20. g3 Nf8 21. Rfe1 g6 22. Bh3 Bb4 23. Bg2 N8d7 24. e4 dxe4 25. fxe4 Ng4 26. Bg1 Qg5 27. e5 Qe7 28. Qc1 Qf8 29. Qf4 Nh6 30. g4 Kh8 31. Rf1 Bxc3 32. bxc3 Re7 33. Rb1 Rb8 34. Bf2 Qg7 35. Bh4 Ree8 36. Bg5 Ng8 37. Qxf7 Rf8 38. Qe6 h6 39. Bh4 g5 40. Bg3 Qe7 41. Qxe7 1-0